Name a World Capital Ending with A - A-Z - Statistics

General Stats
  • This quiz has been taken 1,729 times
    1,352 since last reset
  • The average score is 11 of 17
Answer Stats
Letter Capital % Correct
A Abuja | Accra | Addis Ababa | +5
91%
B Bogotá | Brasília | Bratislava
79%
L Lima | Ljubljana | Luanda | Lusaka
79%
J Juba | Jakarta
76%
M Managua | Manama | Manila | Monrovia
72%
D Dhaka | Dodoma | Doha
70%
O Ottawa
70%
V Valletta | Victoria | Vienna
68%
P Podgorica | Port Vila | Praia | Pretoria | Pristina
66%
S Sana'a | Sofia | Suva | South Tarawa
66%
H Havana | Honiara
62%
C Canberra
58%
K Kampala | Kinshasa
56%
R Riga
56%
T Tegucigalpa | Tirana
54%
N N'Djamena | Nicosia | Nuku'alofa
41%
G Gitega
30%
No matching quizzes found
Score Distribution
Percent of People with Each Score
Percentile by Number Answered
Your Score History
You have not taken this quiz since the last reset